L' UNION DES EPOUX /

INCLUYE BIBLIOGRAFIA

Salvato in:
Dettagli Bibliografici
Autore principale: Oraison, Marc (autor)
Natura: Libro
Serie:BIBLIOTHEQUE ECCLESIA; 26
Soggetti:
Tags: Aggiungi Tag
Nessun Tag, puoi essere il primo ad aggiungerne!!

MARC

LEADER 00000nam^a2200000^a^4500
001 000230858
005 20250521000000.0
009 20260310104455.249
035 |a 051153 
037 |a Acervo Xavier Clavigero 
082 |a 241. 63  |b ORA 
100 |a Oraison, Marc  |e (autor) 
245 1 3 |a L' UNION DES EPOUX /  |c MARC ORAISON 
264 |a París, Francia :  |b Librairie Arthème Fayard,  |c 1956 
300 |a 155p. 
336 |a texto  |b txt  |2 rdacontenido 
337 |a sin mediación  |b n  |2 rdamedio 
338 |a volumen  |b nc  |2 rdasoporte 
440 |a BIBLIOTHEQUE ECCLESIA;  |v 26 
520 |a INCLUYE BIBLIOGRAFIA 
649 |a XX 
650 |a Matrimonio (Derecho Canónico) 
650 |a Etica Cristiana 
910 |a Fondo General 
920 |a Impresos - Libros 
930 |a Colección General 
905 |a 101 
901 |a 051153  |b IT1  |c ACC  |i 051153  |u 20250521 
902 |a https://opac.biblio.iteso.mx/vufind/Record/000230858